000 02134cam a2200517 4500
003 PE-LiUPU
005 20250731172930.0
020 _a094387291X
035 _a(Sirsi) i9780943872919
041 _aen
049 _aPRUA
050 _aBX6158.9
_b.A53
082 0 4 _a286.732
_bJ45
245 _aJ. N. Andrew :
_bthe man and the mission /
_ceditado por Harry Leonard.
264 1 _aBerrien Springs, Michigan :
_bAndrews University Press,
_c1985
300 _a355 páginas ;
_c23 centímetros.
336 _atext
_2rdacontent
337 _aunmediated
_2rdamedia
338 _avolume
_2rdacarrier
504 _aBibliografía al final de cada capítulo
505 0 _aThe man -- The scholar -- The missionary
526 _aSEG42
526 _aSEG41
526 _aSEG40
526 _aSEG39
526 _aP94
526 _aP87
526 _aP86
526 _aP85
526 _aP77
526 _aP76
526 _aP35
600 _aAndrews, John Nevins
_d1829-1883
_xCongresos
650 1 4 _aAdventistas del Séptimo Día
_xHistoria
_vCongresos
700 1 _aLeonard, Harry
_eed.
910 _agl
_b
_cjck
_d20120328
942 _2ddc
_cBOOK
949 _a286.730 92 A.567
_wDEWEY
_c1
_i65430
_lCIA
_mBWL
_r1
_sY
_tBOOK
_u2015-7-6
_xWHITE
_zUNKNOWN
_o.STAFF. Colección General
949 _a286.732 J45
_wDEWEY
_c1
_i43917
_f2017-2-15
_g1
_lCIAE7
_mBUL
_p19.00
_r0
_sY
_tBOOK
_u2015-7-10
_xTEOLOGIA
_PP35
_0COMPRA
_o.STAFF. Colección General
949 _aBX6158.9 .A52 L46
_wLC
_c1
_i64428
_lCIA
_mBWL
_r1
_sY
_tBOOK
_u2016-7-19
_xWHITE
_zUNKNOWN
_0COMPRA
_o.STAFF. Centro White
596 _a1 4
999 _a286.732 J45
_wDEWEY
_c20687
_i43917
_d20687
_f2021-11-11
_g6
_lCCODEBUL1
_mBUL
_p19.00
_q3
_r0
_sY
_tBOOK
_u2015-7-10
_xTEOLOGIA
_PP35
_0COMPRA
_o.STAFF. Colección General
999 _a286.732 J45 1985
_wLC
_c1
_iCW64428
_f2021-12-22
_g2
_lCCODECWL1
_mBWL
_r1
_sY
_tBOOK
_u2016-7-19
_xWHITE
_zUNKNOWN
_0COMPRA
_o.STAFF. Centro White
999 _a286.732 J45 1985
_wLC
_c2
_iCW65430
_f2021-12-22
_g2
_lCCODECWL1
_mBWL
_p30.00
_r0
_sY
_tBOOK
_u2018-2-6
_xWHITE
_zUNKNOWN
_0COMPRA
_o.STAFF. Centro White
980 _81
_gALBERTO SANCHEZ Responsable de Automatización